000 00812nam a22002657a 4500
001 BR8502759
003 BR-BrBNA
005 20230928092203.0
007 ta
008 230509b bl.||||| |||| 00| 0 por d
040 _aBR-BrBNA
_bpor
_cBiblioteca Nacional de Agricultura
041 _a(Por)
072 _aE16
_b0180
_b0336
090 _ 0180 BR8502759
110 1 _aFederacao das Cooperativas de Trigo e Soja do Rio Grande do Sul Ltda., Porto Alegre (Brasil)
_94625
245 1 _aCusto de producao. Lavouras em sucessao, trigo estimativa safra 1986, soja revisao de safra 1985/86
260 3 _aPorto Alegre, RS (Brasil):
_c1985.
300 _a32 p.
650 _aTRIGO
650 _aSOJA
650 _aCUSTO DE PRODUCAO
650 _aLAVOURA
909 _a202309
_bLucia
_c55
_dLucia Elande
942 _cBK
999 _c37581
_d37581